[Event "CAN-op"]
[Site "Ottawa CAN"]
[Date "1984.07.09"]
[Round "4"]
[White "Beauregard, Guy"]
[Black "Brodie, Hugh"]
[Result "0-1"]
[WhiteElo "1579"]
[BlackElo "1980"]
[PlyCount "80"]
[EventDate "1984.07.07"]
[EventType "swiss"]
[EventRounds "9"]
[EventCountry "CAN"]

1. e4 c5 2. Nf3 Nc6 3. Nc3 g6 4. d4 cxd4 5. Nxd4 Bg7 6. Be3 Nf6 7. f3 Qa5 8.
Nb3 Qc7 9. Bc4 d6 10. Nb5 Qd8 11. N3d4 Bd7 12. Nxc6 Bxc6 13. Nd4 O-O 14. Nxc6
bxc6 15. O-O d5 16. exd5 cxd5 17. Bb3 e6 18. Bd4 Nd7 19. Bxg7 Kxg7 20. Qd4+ f6
21. Rfe1 Re8 22. Rad1 Nb6 23. c4 e5 24. Qg4 d4 25. c5 Nd5 26. Qe4 Nf4 27. g3 f5
28. Qc2 Nh5 29. Qc4 Qc7 30. g4 Nf4 31. Rxd4 exd4 32. Qxd4+ Kh6 33. Rxe8 Rxe8
34. Bc4 Ne2+ 35. Bxe2 Rxe2 36. f4 Qe7 37. g5+ Kh5 38. Qe5 Rxe5 39. fxe5 Qxe5
40. Kg2 Kg4 0-1

[Event "CAN-op"]
[Site "Ottawa CAN"]
[Date "1984.07.10"]
[Round "5"]
[White "Bautista, Lester"]
[Black "Brodie, Hugh"]
[Result "1/2-1/2"]
[WhiteElo "1700"]
[BlackElo "1980"]
[PlyCount "43"]
[EventDate "1984.07.07"]
[EventType "swiss"]
[EventRounds "9"]
[EventCountry "CAN"]

1. c4 e5 2. Nc3 Nf6 3. Nf3 Nc6 4. d4 exd4 5. Nxd4 Bb4 6. Bg5 h6 7. Bh4 O-O 8.
e3 d6 9. Be2 Bd7 10. Qc2 Re8 11. O-O Nxd4 12. exd4 Bxc3 13. bxc3 Qe7 14. Bf3
Rab8 15. h3 g5 16. Bg3 b6 17. Rfe1 Qf8 18. c5 dxc5 19. Bxc7 Rbc8 20. Be5 Kg7
21. Qd2 Bf5 22. Bb7 1/2-1/2

[Event "CAN-op"]
[Site "Ottawa CAN"]
[Date "1984.07.11"]
[Round "6"]
[White "Brodie, Hugh"]
[Black "Allan, Denis"]
[Result "0-1"]
[WhiteElo "1980"]
[BlackElo "2225"]
[PlyCount "80"]
[EventDate "1984.07.07"]
[EventType "swiss"]
[EventRounds "9"]
[EventCountry "CAN"]

1. Nf3 g6 2. g3 Bg7 3. Bg2 Nf6 4. d3 O-O 5. O-O d5 6. c4 c6 7. Nc3 Re8 8. Qc2
e5 9. e4 Na6 10. Rd1 d4 11. Ne2 b5 12. b3 Nd7 13. Bg5 f6 14. Bd2 bxc4 15. Qxc4+
Kh8 16. Qxc6 Rb8 17. Rac1 Qe7 18. Qc2 Bb7 19. Ne1 Qa3 20. f4 Nac5 21. b4 Na4
22. Rb1 Nab6 23. Bh3 f5 24. Bg2 fxe4 25. Bxe4 Bxe4 26. dxe4 Rbc8 27. Qb3 Qxb3
28. Rxb3 exf4 29. Nxf4 Rxe4 30. Kf2 Nc4 31. Nf3 Rce8 32. Ng5 R8e7 33. Rf3 Kg8
34. h4 Nf6 35. Bc1 Ng4+ 36. Kg1 Nge3 37. Bxe3 dxe3 38. Ne2 Nd2 39. Rf4 Be5 40.
Rg4 h5 0-1

[Event "CAN-op"]
[Site "Ottawa CAN"]
[Date "1984.07.12"]
[Round "7"]
[White "Johansen, David"]
[Black "Brodie, Hugh"]
[Result "1/2-1/2"]
[WhiteElo "1730"]
[BlackElo "1980"]
[PlyCount "79"]
[EventDate "1984.07.07"]
[EventType "swiss"]
[EventRounds "9"]
[EventCountry "CAN"]

1. e4 c5 2. Nf3 Nc6 3. d4 cxd4 4. Nxd4 g6 5. Be3 Nf6 6. Nc3 Bg7 7. Bc4 Qa5 8.
O-O O-O 9. Bb3 d6 10. f3 Bd7 11. Nce2 a6 12. c3 Rac8 13. Qd2 Ne5 14. Bh6 Nc4
15. Bxc4 Rxc4 16. Bxg7 Kxg7 17. b3 Rc7 18. Rfd1 b5 19. Nc2 Qb6+ 20. Qe3 Qb7 21.
Rd2 Rfc8 22. Rad1 Rc5 23. Nb4 Be6 24. Nd3 R5c7 25. Ndf4 Bd7 26. e5 dxe5 27.
Qxe5 Be8 28. Nd5 Rd7 29. Nef4 Kg8 30. Nxe7+ Rxe7 31. Qxf6 Bc6 32. Nd5 Bxd5 33.
Rxd5 Rce8 34. Rd8 Qa7+ 35. Kf1 Qe3 36. Rxe8+ Rxe8 37. Qd4 Qe2+ 38. Kg1 Qxa2 39.
b4 Qe2 40. Qd2 1/2-1/2

[Event "CAN-op"]
[Site "Ottawa CAN"]
[Date "1984.07.13"]
[Round "8"]
[White "Brodie, Hugh"]
[Black "Haq, Bill"]
[Result "1-0"]
[WhiteElo "1980"]
[BlackElo "1720"]
[PlyCount "55"]
[EventDate "1984.07.07"]
[EventType "swiss"]
[EventRounds "9"]
[EventCountry "CAN"]

1. f4 g6 2. e4 c5 3. Nf3 Bg7 4. Nc3 Nc6 5. d3 d6 6. g3 e5 7. Bg2 Nge7 8. O-O
Be6 9. Ng5 Bd7 10. Be3 f6 11. Nh3 Qc8 12. Nf2 O-O 13. Qd2 Nd4 14. Ne2 Be6 15.
c3 Nxe2+ 16. Qxe2 c4 17. d4 d5 18. Rad1 Qc6 19. fxe5 fxe5 20. dxe5 Bxe5 21. Ng4
Bg7 22. Bd4 Rae8 23. Bxg7 Kxg7 24. exd5 Rxf1+ 25. Kxf1 Rf8+ 26. Kg1 Nxd5 27.
Qe5+ Kf7 28. Bxd5 1-0

[Event "CAN-op"]
[Site "Ottawa CAN"]
[Date "1984.07.14"]
[Round "9"]
[White "Kulbacki, James"]
[Black "Brodie, Hugh"]
[Result "0-1"]
[WhiteElo "1770"]
[BlackElo "1980"]
[PlyCount "72"]
[EventDate "1984.07.07"]
[EventType "swiss"]
[EventRounds "9"]
[EventCountry "CAN"]

1. Nf3 e6 2. d4 f5 3. c3 Nf6 4. Bg5 b6 5. Nbd2 Bb7 6. Qc2 Be7 7. Bxf6 Bxf6 8.
e4 fxe4 9. Nxe4 O-O 10. Bd3 Qe7 11. O-O-O c5 12. dxc5 bxc5 13. h4 d5 14. Neg5
h6 15. Bh7+ Kh8 16. Kb1 e5 17. Bg8 e4 18. Bxd5 Bxd5 19. Rxd5 Bxg5 20. Nxg5 hxg5
21. hxg5+ Kg8 22. g6 Rf6 23. Rd8+ Qxd8 24. Qb3+ Kf8 25. Rh8+ Ke7 26. Rxd8 Kxd8
27. Qg8+ Kc7 28. Qxg7+ Nd7 29. Qe7 Rxf2 30. Qxe4 Rh8 31. a3 Rb8 32. b4 Rh8 33.
g4 Rhh2 34. Qe1 Rb2+ 35. Kc1 Rhc2+ 36. Kd1 Rb1+ 0-1

[Event "CAN-op"]
[Site "Ottawa CAN"]
[Date "1984.07.15"]
[Round "10"]
[White "Saleh, Maher"]
[Black "Brodie, Hugh"]
[Result "1/2-1/2"]
[WhiteElo "1835"]
[BlackElo "1980"]
[PlyCount "81"]
[EventDate "1984.07.07"]
[EventType "swiss"]
[EventRounds "9"]
[EventCountry "CAN"]

1. Nf3 e6 2. g3 b6 3. Bg2 Bb7 4. O-O f5 5. c4 Nf6 6. b3 Be7 7. Bb2 O-O 8. Nc3
Qe8 9. d4 Qh5 10. d5 Na6 11. a3 Nc5 12. dxe6 dxe6 13. Qc2 Bd6 14. Nb5 Be4 15.
Qc3 a6 16. Nxd6 cxd6 17. Rad1 Rad8 18. Ba1 Bc6 19. b4 Nce4 20. Qb3 Rfe8 21. Nd4
Bd7 22. b5 a5 23. Nc6 Rc8 24. Bxf6 gxf6 25. Bxe4 fxe4 26. Rxd6 Bxc6 27. Rxc6
Rxc6 28. bxc6 Qc5 29. Rb1 Qxc6 30. Qxb6 Qxc4 31. Qxa5 Qxe2 32. Re1 Qc4 33. Qh5
Ra8 34. Qg4+ Kf7 35. Rxe4 Qc1+ 36. Kg2 Qc6 37. Qh5+ Kg7 38. Qg4+ Kf7 39. Qh5+
Kg8 40. Qg4+ Kf7 41. Qh5+ 1/2-1/2

[Event "Victoria Day op"]
[Site "Toronto CAN"]
[Date "1984.05.19"]
[Round "1"]
[White "Begoray, Dave"]
[Black "Brodie, Hugh"]
[Result "0-1"]
[WhiteElo "1780"]
[BlackElo "1980"]
[PlyCount "104"]
[EventDate "1984.05.18"]
[EventType "swiss"]
[EventRounds "6"]
[EventCountry "CAN"]

1. d4 e6 2. c4 Bb4+ 3. Bd2 Qe7 4. Nf3 f5 5. g3 b6 6. Bg2 Bb7 7. O-O Bxd2 8.
Nbxd2 Nf6 9. a3 O-O 10. Qc2 c5 11. e3 d6 12. Rad1 Nbd7 13. Nb1 Ne4 14. Nc3 Nxc3
15. Qxc3 Nf6 16. Nd2 Rad8 17. Rfe1 Bxg2 18. Kxg2 e5 19. dxe5 dxe5 20. Nf3 e4
21. Ng1 Ng4 22. Ne2 g5 23. Rd5 Rxd5 24. cxd5 Ne5 25. Rd1 Qd6 26. Qc2 Nf3 27.
Qa4 Rf7 28. Nc3 g4 29. Qc6 Qxc6 30. dxc6 Ne5 31. Rd6 Rc7 32. Nd5 Nf7 33. Rf6
Kg7 34. Nxc7 Kxf6 35. Nb5 Ke7 36. Nxa7 Kd6 37. Nc8+ Kc7 38. Ne7 Nd6 39. h3 h5
40. Ng6 Kxc6 41. Nf4 Nc4 42. b4 Nxa3 43. bxc5 b5 44. Ne2 b4 45. hxg4 hxg4 46.
Kf1 Nc2 47. Nc1 Kxc5 48. Ke2 Kc4 49. Kd2 b3 50. Ne2 Nb4 51. Nc3 Nd3 52. Nd1 Kb4
0-1

[Event "Victoria Day op"]
[Site "Toronto CAN"]
[Date "1984.05.19"]
[Round "2"]
[White "Brodie, Hugh"]
[Black "Blackman, Gord"]
[Result "1/2-1/2"]
[WhiteElo "1980"]
[BlackElo "1810"]
[PlyCount "56"]
[EventDate "1984.05.18"]
[EventType "swiss"]
[EventRounds "6"]
[EventCountry "CAN"]

1. f4 d5 2. Nf3 Nf6 3. e3 g6 4. b3 Bg7 5. Bb2 c5 6. Bb5+ Bd7 7. Qe2 a6 8. Bxd7+
Nbxd7 9. d3 O-O 10. Nbd2 Qc7 11. O-O b5 12. c4 dxc4 13. bxc4 b4 14. Ne5 a5 15.
Rad1 e6 16. Ndf3 Rad8 17. e4 Nxe5 18. Bxe5 Qc6 19. Qb2 Ne8 20. Bxg7 Nxg7 21.
Qf6 Qd6 22. e5 Qc7 23. g4 Ne8 24. Qh4 Kg7 25. Ng5 h6 26. Ne4 Rb8 27. f5 g5 28.
Qg3 Qd7 1/2-1/2

[Event "Victoria Day op"]
[Site "Toronto CAN"]
[Date "1984.05.20"]
[Round "3"]
[White "Gilbert, Steve"]
[Black "Brodie, Hugh"]
[Result "1/2-1/2"]
[WhiteElo "1820"]
[BlackElo "1980"]
[PlyCount "100"]
[EventDate "1984.05.18"]
[EventType "swiss"]
[EventRounds "6"]
[EventCountry "CAN"]

1. c4 e5 2. Nc3 Nf6 3. Nf3 Nc6 4. g3 d5 5. cxd5 Nxd5 6. Bg2 Be6 7. O-O Bc5 8.
d3 f6 9. Qb3 Bb4 10. Nxe5 Bxc3 11. Nxc6 bxc6 12. bxc3 Kf7 13. c4 Ne7 14. Rb1
Qd7 15. Qa4 h5 16. Ba3 Bh3 17. Bxe7 Bxg2 18. Kxg2 Kxe7 19. h4 g5 20. Rh1 a6 21.
Qb4+ Kf7 22. Qc5 Kg6 23. Rb2 Rhe8 24. hxg5 Re5 25. Qb4 fxg5 26. Qd2 c5 27. Qc2
Kh6 28. e3 Qc6+ 29. Kg1 Rd8 30. Qe2 Qg6 31. Rb3 g4 32. Kg2 Rf8 33. Rb2 Ref5 34.
Qd1 Qf6 35. Qd2 Kg6 36. Rc2 Qc6+ 37. Kg1 Rxf2 38. Qxf2 Rxf2 39. Rxf2 Qd6 40.
Kg2 Qxd3 41. Re1 Qe4+ 42. Kh2 Qxc4 43. e4 Qd4 44. Ree2 Qe5 45. Rf5 Qe7 46. Rf4
Qe5 47. Rf5 Qc3 48. Rf4 Qd3 49. Ref2 Qc3 50. Re2 Qd3 1/2-1/2

[Event "Victoria Day op"]
[Site "Toronto CAN"]
[Date "1984.05.20"]
[Round "4"]
[White "Brodie, Hugh"]
[Black "Pfeiffer, Wolfgang"]
[Result "1/2-1/2"]
[WhiteElo "1980"]
[BlackElo "1770"]
[PlyCount "70"]
[EventDate "1984.05.18"]
[EventType "swiss"]
[EventRounds "6"]
[EventCountry "CAN"]

1. f4 Nf6 2. Nf3 e6 3. e3 b6 4. b3 Bb7 5. Bb2 g6 6. Be2 Bg7 7. O-O O-O 8. Ne5
d6 9. Bf3 Bxf3 10. Qxf3 Nbd7 11. Nd3 d5 12. Nc3 Ne4 13. Nxe4 dxe4 14. Qxe4 Bxb2
15. Nxb2 Nc5 16. Qd4 Qe7 17. d3 Rad8 18. Qc3 Rd7 19. Nc4 f6 20. Nd2 Rfd8 21.
Nf3 Nb7 22. Nd4 Qf7 23. Qc6 Nd6 24. Qf3 c5 25. Ne2 Nb5 26. a4 Nc7 27. e4 Na6
28. f5 gxf5 29. exf5 e5 30. Ng3 Nb4 31. Rf2 Kh8 32. Qe2 Rg8 33. Ne4 Nd5 34. Kh1
Qg7 35. Ng3 Nf4 1/2-1/2

[Event "Victoria Day op"]
[Site "Toronto CAN"]
[Date "1984.05.21"]
[Round "5"]
[White "Bledinski, Z."]
[Black "Brodie, Hugh"]
[Result "0-1"]
[WhiteElo "1780"]
[BlackElo "1980"]
[PlyCount "122"]
[EventDate "1984.05.18"]
[EventType "swiss"]
[EventRounds "6"]
[EventCountry "CAN"]

1. d4 e6 2. Nf3 f5 3. g3 b6 4. Bg2 Bb7 5. c4 Nf6 6. O-O Be7 7. d5 exd5 8. Nh4
g6 9. cxd5 d6 10. Nc3 Nbd7 11. Qd4 Kf7 12. Bh6 Rg8 13. Bg5 Ng4 14. Bxe7 Qxe7
15. e4 fxe4 16. f3 Nge5 17. fxe4+ Kg7 18. b4 Ba6 19. b5 Bb7 20. Ne2 a5 21. Rf2
Raf8 22. Raf1 Rxf2 23. Rxf2 Rf8 24. Rxf8 Kxf8 25. Nf4 Nc5 26. Kh1 Qd7 27. a4 g5
28. Ne6+ Nxe6 29. dxe6 Qxe6 30. Qf2+ Nf7 31. Nf5 Bxe4 32. Nd4 Bxg2+ 33. Kxg2
Qe4+ 34. Kg1 Ke8 35. Qf6 Qe1+ 36. Kg2 Qe4+ 37. Kf2 Qe5 38. Qxe5+ Nxe5 39. Ne6
Nd3+ 40. Ke3 Nc5 41. Nxc7+ Kd7 42. Nd5 Nxa4 43. Nf6+ Ke7 44. Nxh7 Nc3 45. Nxg5
Nxb5 46. h4 Nc7 47. h5 Ne6 48. Ne4 d5 49. Nd2 a4 50. Kd3 Nc5+ 51. Kc2 Ne4 52.
Nb1 b5 53. g4 b4 54. h6 Kf7 55. g5 Kg6 56. Nd2 Nxd2 57. Kxd2 a3 58. Kc2 a2 59.
Kb2 b3 60. Ka1 d4 61. Kb2 d3 0-1

[Event "Victoria Day op"]
[Site "Toronto CAN"]
[Date "1984.05.21"]
[Round "6"]
[White "Brodie, Hugh"]
[Black "Hum, Peter"]
[Result "1/2-1/2"]
[WhiteElo "1980"]
[BlackElo "1845"]
[PlyCount "52"]
[EventDate "1984.05.18"]
[EventType "swiss"]
[EventRounds "6"]
[EventCountry "CAN"]

1. f4 g6 2. e4 Bg7 3. d4 c5 4. c3 cxd4 5. cxd4 d6 6. Nc3 Nc6 7. Bb5 a6 8. Bxc6+
bxc6 9. Be3 Qb6 10. Qd2 Rb8 11. Rb1 Nh6 12. Nge2 Ng4 13. Bg1 O-O 14. h3 Nf6 15.
Ng3 Qa5 16. Be3 e5 17. O-O Be6 18. fxe5 dxe5 19. dxe5 Nd7 20. Bh6 Qc5+ 21. Kh1
Nxe5 22. Bxg7 Kxg7 23. Nh5+ gxh5 24. Qg5+ Kh8 25. Qf6+ Kg8 26. Qg5+ Kh8 1/2-1/2

[Event "Specialiste-Tch"]
[Site "Montreal CAN"]
[Date "1984.02.02"]
[Round "1"]
[White "Brodie, Hugh"]
[Black "Gendron, Bernard"]
[Result "1-0"]
[WhiteElo "1885"]
[BlackElo "1955"]
[PlyCount "73"]
[EventDate "1984.02.02"]
[EventType "team"]
[EventRounds "5"]
[EventCountry "CAN"]

1. e4 c6 2. d3 d5 3. Nd2 g6 4. Ngf3 Bg7 5. g3 dxe4 6. Nxe4 Nh6 7. Bg2 O-O 8.
O-O Na6 9. d4 Nf5 10. c3 Nc7 11. Be3 Nd5 12. Bg5 h6 13. Bd2 b6 14. Qa4 b5 15.
Qc2 Nd6 16. Nc5 Nc4 17. Rfe1 Qd6 18. b3 Ncb6 19. Rad1 Bg4 20. h3 Bxf3 21. Bxf3
Nd7 22. Nxd7 Qxd7 23. Bg4 Qc7 24. Kg2 h5 25. Bf3 e5 26. c4 bxc4 27. bxc4 Nb6
28. dxe5 Bxe5 29. Qe4 Bg7 30. Qf4 Qb7 31. Rb1 Qa6 32. Bxc6 Rac8 33. Bb5 Qb7+
34. Kg1 a6 35. Ba4 Rxc4 36. Bb3 Rb4 37. Bxf7+ 1-0

[Event "Specialiste-Tch"]
[Site "Montreal CAN"]
[Date "1984.02.16"]
[Round "3"]
[White "Courval, Francois"]
[Black "Brodie, Hugh"]
[Result "0-1"]
[WhiteElo "1830"]
[BlackElo "1885"]
[PlyCount "64"]
[EventDate "1984.02.02"]
[EventType "team"]
[EventRounds "5"]
[EventCountry "CAN"]

1. e4 c5 2. Nc3 Nc6 3. g3 g6 4. Bg2 Bg7 5. f4 e6 6. d3 Nge7 7. Nge2 d6 8. O-O
Rb8 9. a4 a6 10. g4 f5 11. h3 b5 12. axb5 axb5 13. Ng3 Nd4 14. Nce2 b4 15. Nxd4
Bxd4+ 16. Kh2 O-O 17. exf5 exf5 18. g5 Bb7 19. Ne2 Bg7 20. d4 Bxg2 21. Kxg2 Qc7
22. Be3 Nd5 23. Bf2 c4 24. Re1 Rfe8 25. Kg3 Re4 26. c3 b3 27. Qd2 Rbe8 28. h4
h6 29. Kf3 hxg5 30. fxg5 Qc6 31. Kg3 Rg4+ 32. Kh2 Rg2+ 0-1

[Event "Specialiste-Tch"]
[Site "Montreal CAN"]
[Date "1984.03.01"]
[Round "5"]
[White "Morin, Louis"]
[Black "Brodie, Hugh"]
[Result "0-1"]
[WhiteElo "1910"]
[BlackElo "1885"]
[PlyCount "106"]
[EventDate "1984.02.02"]
[EventType "team"]
[EventRounds "5"]
[EventCountry "CAN"]

1. e4 c5 2. b4 cxb4 3. a3 d5 4. exd5 Nf6 5. axb4 Nxd5 6. c3 e6 7. Nf3 Be7 8. d4
O-O 9. Bd3 Nd7 10. h4 h6 11. g4 Qc7 12. Bc2 f5 13. gxf5 exf5 14. Rg1 Kh8 15.
Bd2 Bd6 16. Kf1 N7f6 17. Bd3 Ne4 18. Qb3 Nf4 19. Bxf4 Bxf4 20. Ra2 Bd7 21. c4
a6 22. d5 Rae8 23. c5 Rf6 24. Rc2 Nxf2 25. Rxf2 Be3 26. d6 Qc6 27. Nc3 Bxf2 28.
Kxf2 Qc8 29. Nd4 Re5 30. Nd5 Be6 31. Ne7 Qe8 32. Nxe6 Rfxe6 33. Bc4 Qh5 34.
Bxe6 Qe2+ 35. Kg3 Qg4+ 36. Kf2 Qe2+ 37. Kg3 Re3+ 38. Qxe3 Qxe3+ 39. Kh2 Qxe6
40. Rg2 Qe5+ 41. Kh1 Qe1+ 42. Kh2 Qxh4+ 43. Kg1 Qd4+ 44. Kh2 Qf4+ 45. Kg1 Qxb4
46. Ng6+ Kg8 47. Rf2 Qxc5 48. d7 Qc1+ 49. Rf1 Qg5+ 50. Kf2 Qd2+ 51. Kg1 Qxd7
52. Rxf5 Qd1+ 53. Kf2 Qg4 0-1

[Event "RA Winter op"]
[Site "Ottawa CAN"]
[Date "1984.01.14"]
[Round "1"]
[White "Ball, Stephen"]
[Black "Brodie, Hugh"]
[Result "1-0"]
[WhiteElo "2180"]
[BlackElo "1910"]
[PlyCount "57"]
[EventDate "1984.01.14"]
[EventType "swiss"]
[EventRounds "5"]
[EventCountry "CAN"]

1. d4 e6 2. c4 Bb4+ 3. Bd2 Qe7 4. Nf3 f5 5. g3 b6 6. Bg2 Bb7 7. O-O Bxd2 8.
Nfxd2 Bxg2 9. Kxg2 Nf6 10. Nc3 O-O 11. e4 fxe4 12. Ndxe4 Nc6 13. f4 Na5 14. b3
Nb7 15. Qf3 Nd6 16. Nxd6 cxd6 17. Rae1 a6 18. Re2 Qd8 19. d5 Re8 20. Rfe1 Kf7
21. g4 g6 22. h3 Rb8 23. f5 gxf5 24. g5 Rg8 25. dxe6+ dxe6 26. h4 h6 27. Rxe6
hxg5 28. Qxf5 gxh4+ 29. Kh1 1-0

[Event "RA Winter op"]
[Site "Ottawa CAN"]
[Date "1984.01.14"]
[Round "2"]
[White "Brodie, Hugh"]
[Black "Saleh, Maher"]
[Result "1-0"]
[WhiteElo "1910"]
[BlackElo "1855"]
[PlyCount "63"]
[EventDate "1984.01.14"]
[EventType "swiss"]
[EventRounds "5"]
[EventCountry "CAN"]

1. e4 Nf6 2. Nc3 d5 3. e5 Nfd7 4. d4 c5 5. Nxd5 cxd4 6. Qxd4 Nb6 7. c4 e6 8.
Bg5 Qd7 9. O-O-O exd5 10. cxd5 Be7 11. Nf3 O-O 12. Bxe7 Qxe7 13. Bd3 N8d7 14.
Kb1 Re8 15. Rhe1 Nf8 16. h4 Bd7 17. Ng5 h6 18. Nh3 Bxh3 19. gxh3 Qd7 20. Bc2
Rac8 21. Qd3 Nc4 22. f4 Rc5 23. h5 Qb5 24. Bb3 Na5 25. Qxb5 Rxb5 26. Ba4 a6 27.
Bxb5 axb5 28. b3 Rc8 29. Rc1 Rxc1+ 30. Rxc1 b6 31. Rc8 Nb7 32. b4 1-0

[Event "RA Winter op"]
[Site "Ottawa CAN"]
[Date "1984.01.14"]
[Round "3"]
[White "Brodie, Hugh"]
[Black "Sarkar, Prosanto"]
[Result "1/2-1/2"]
[WhiteElo "1910"]
[BlackElo "2150"]
[PlyCount "128"]
[EventDate "1984.01.14"]
[EventType "swiss"]
[EventRounds "5"]
[EventCountry "CAN"]

1. e4 c5 2. Nf3 Nc6 3. c3 d5 4. exd5 Qxd5 5. d4 Bg4 6. Be2 cxd4 7. cxd4 e6 8.
O-O Nf6 9. Bf4 Be7 10. Nc3 Qa5 11. Nb5 O-O 12. a3 Rac8 13. Ne5 Bxe2 14. Qxe2
Qb6 15. Rfd1 Rfd8 16. Nxc6 bxc6 17. Nc3 a5 18. Be3 Qb3 19. Rac1 h6 20. Rd3 Qb7
21. Na4 Qb5 22. Nc5 Nd5 23. Qd2 a4 24. h3 Bf6 25. b3 Nxe3 26. fxe3 Be7 27. bxa4
Qb8 28. Rb3 Qa8 29. a5 e5 30. Qc3 exd4 31. exd4 Rd5 32. Na4 Bf6 33. Nb6 Bxd4+
34. Qxd4 Rxd4 35. Nxa8 Rxa8 36. Rxc6 Rxa5 37. Rcc3 g5 38. Rf3 Rd7 39. Rb8+ Kg7
40. Rb6 h5 41. Rc3 Re5 42. Rc2 Re3 43. a4 Re1+ 44. Kf2 Ra1 45. Rb5 f6 46. a5
Rd3 47. Rcc5 Ra2+ 48. Kf1 Rg3 49. h4 g4 50. Rxh5 Rgxg2 51. Rhf5 Rh2 52. Kg1
Rxh4 53. Rb6 Rh6 54. a6 g3 55. Rf3 Rg6 56. Rb7+ Kh6 57. a7 Kh5 58. Rc3 g2 59.
Rh3+ Kg4 60. Rh8 Ra1+ 61. Kxg2 Kf4+ 62. Kf2 Ra2+ 63. Kf1 Ra1+ 64. Kf2 Ra2+
1/2-1/2

[Event "RA Winter op"]
[Site "Ottawa CAN"]
[Date "1984.01.15"]
[Round "4"]
[White "Berry, Jonathan"]
[Black "Brodie, Hugh"]
[Result "0-1"]
[WhiteElo "2325"]
[BlackElo "1910"]
[PlyCount "94"]
[EventDate "1984.01.14"]
[EventType "swiss"]
[EventRounds "5"]
[EventCountry "CAN"]

1. d4 e6 2. e4 d5 3. Nc3 Bb4 4. e5 c5 5. a3 Bxc3+ 6. bxc3 Ne7 7. Nf3 Qa5 8. Bd2
c4 9. h4 Bd7 10. h5 h6 11. Rh4 Nbc6 12. Rf4 Rf8 13. g4 O-O-O 14. Bh3 Rde8 15.
Kf1 Nd8 16. Nh4 Rh8 17. Rf3 g5 18. hxg6 fxg6 19. g5 hxg5 20. Bxg5 Rhg8 21. Qd2
Nf5 22. Bxf5 gxf5 23. Rh3 Rh8 24. Bf6 Rhg8 25. Nf3 Rg6 26. Ng5 Reg8 27. Ke2 a6
28. Rh7 Nc6 29. Nf7 Na7 30. Nd6+ Kc7 31. Nxb7 Kxb7 32. Rxd7+ Ka8 33. Be7 Qa4
34. Rd6 Nc8 35. Rd8 Rxd8 36. Bxd8 Qd7 37. Ba5 Qh7 38. Rf1 Rg4 39. Kd1 Ne7 40.
f3 Rg3 41. Qf2 f4 42. Qd2 Qh4 43. Kc1 Nf5 44. Kb2 Ne3 45. Rb1 Rg2 46. Qe1 Rxc2+
47. Ka1 Qh2 0-1

[Event "RA Winter op"]
[Site "Ottawa CAN"]
[Date "1984.01.15"]
[Round "5"]
[White "Armstrong, John"]
[Black "Brodie, Hugh"]
[Result "1/2-1/2"]
[WhiteElo "2080"]
[BlackElo "1910"]
[PlyCount "91"]
[EventDate "1984.01.14"]
[EventType "swiss"]
[EventRounds "5"]
[EventCountry "CAN"]

1. d4 e6 2. c4 Bb4+ 3. Nc3 f5 4. e4 fxe4 5. Qg4 Qe7 6. Qxe4 Nf6 7. Qc2 b6 8.
Bd3 Bb7 9. f3 c5 10. Nge2 Nc6 11. Bd2 Bxc3 12. bxc3 cxd4 13. Nxd4 Ne5 14. Bf4
Nxd3+ 15. Qxd3 O-O 16. O-O Qc5 17. Be3 Qe7 18. Rfe1 Ba6 19. Nb5 Bxb5 20. cxb5
Rac8 21. a4 Nd5 22. Bd4 Nf4 23. Qd2 Rf5 24. a5 Rcf8 25. axb6 axb6 26. Re5 Rxe5
27. Bxe5 Qc5+ 28. Bd4 Qxb5 29. Rc1 Rf5 30. g3 Nd5 31. f4 Qc6 32. Qg2 b5 33. Rb1
Qc4 34. Qd2 Rf8 35. Qe1 Rf5 36. Qf1 Qxf1+ 37. Kxf1 Ne7 38. Be5 Nc6 39. Rxb5
Nxe5 40. Rxe5 Kf7 41. Kf2 Kf6 42. Re4 Rc5 43. Re3 h5 44. h4 g6 45. Kf3 Kf5 46.
Rd3 1/2-1/2

[Event "Pere Noel"]
[Site "Montreal CAN"]
[Date "1983.12.26"]
[Round "1"]
[White "Brodie, Hugh"]
[Black "Finn, Simon"]
[Result "1-0"]
[WhiteElo "1890"]
[BlackElo "1589"]
[PlyCount "69"]
[EventDate "1983.12.26"]
[EventType "swiss"]
[EventRounds "8"]
[EventCountry "CAN"]

1. e4 c5 2. Nf3 e6 3. Nc3 d6 4. d3 Nf6 5. g3 g6 6. Bg2 Bg7 7. O-O O-O 8. Nh4
Nc6 9. f4 a6 10. Be3 Nd4 11. h3 Nh5 12. Kh2 Bf6 13. Nf3 Bg7 14. Qd2 b5 15. Nd1
Bb7 16. c3 Nxf3+ 17. Bxf3 Nf6 18. f5 Nd7 19. Bh6 exf5 20. Bxg7 Kxg7 21. exf5
Bxf3 22. Rxf3 Qf6 23. Ne3 Ne5 24. Rf2 g5 25. Raf1 Qh6 26. f6+ Kh8 27. Kg2 Qg6
28. Rf5 g4 29. hxg4 Nxg4 30. Nxg4 Qxg4 31. Rg5 Qe6 32. Rh5 Rae8 33. Rxh7+ Kxh7
34. Rh1+ Kg6 35. Rh6+ 1-0

[Event "Pere Noel"]
[Site "Montreal CAN"]
[Date "1983.12.27"]
[Round "2"]
[White "Brodie, Hugh"]
[Black "Barbeau, Sylvain"]
[Result "0-1"]
[WhiteElo "1890"]
[BlackElo "2310"]
[PlyCount "70"]
[EventDate "1983.12.26"]
[EventType "swiss"]
[EventRounds "8"]
[EventCountry "CAN"]

1. e4 c6 2. d3 d5 3. Nd2 e5 4. Ngf3 Nd7 5. g3 Ngf6 6. Bg2 Bd6 7. O-O O-O 8. Qe2
Re8 9. Rd1 a5 10. Nf1 a4 11. a3 d4 12. Nh4 b5 13. Nf5 Bf8 14. g4 Nb6 15. Bg5 h6
16. Bxf6 Qxf6 17. h3 g6 18. N5g3 c5 19. c3 Ra7 20. cxd4 exd4 21. Qd2 c4 22.
Rdc1 cxd3 23. Qxd3 Nc4 24. Nd2 Ba6 25. Bf1 Ne5 26. Qxd4 Rd7 27. Qe3 Rxd2 28. f4
Rxb2 29. fxe5 Qxe5 30. Qc3 Qxc3 31. Rxc3 Bg7 32. Rf3 Bb7 33. Re1 Be5 34. Bd3
Rd8 35. Ref1 Rd2 0-1

[Event "Pere Noel"]
[Site "Montreal CAN"]
[Date "1983.12.28"]
[Round "3"]
[White "Kourkounakis, Ilias"]
[Black "Brodie, Hugh"]
[Result "1-0"]
[WhiteElo "2390"]
[BlackElo "1890"]
[PlyCount "83"]
[EventDate "1983.12.26"]
[EventType "swiss"]
[EventRounds "8"]
[EventCountry "CAN"]

1. d4 e6 2. c4 f5 3. g3 Nf6 4. Bg2 Bb4+ 5. Nd2 O-O 6. Ngf3 d6 7. O-O Bxd2 8.
Qxd2 Ne4 9. Qc2 Nd7 10. b3 Ndf6 11. Ne1 h6 12. Bb2 Qe8 13. Nd3 Bd7 14. Rae1 Rb8
15. f3 Ng5 16. e4 fxe4 17. fxe4 Ng4 18. Qe2 e5 19. Rxf8+ Kxf8 20. h3 Nf6 21.
dxe5 dxe5 22. Bxe5 Bxh3 23. Bxc7 Rc8 24. Bd6+ Kg8 25. e5 Bxg2 26. Qxg2 Ng4 27.
Qxb7 Rd8 28. Qg2 Kh8 29. c5 Qb5 30. Qe2 h5 31. Nf4 Qb4 32. Rf1 Qd4+ 33. Kh1 Ne4
34. Rg1 Nef2+ 35. Kg2 Qc3 36. Nxh5 Qd4 37. Nf4 Qb4 38. c6 Qc3 39. c7 Qc6+ 40.
Qf3 Qc2 41. cxd8=Q+ Kh7 42. Qc7 1-0

[Event "Pere Noel"]
[Site "Montreal CAN"]
[Date "1983.12.29"]
[Round "4"]
[White "Di Cecco, Giovanni"]
[Black "Brodie, Hugh"]
[Result "1/2-1/2"]
[WhiteElo "1614"]
[BlackElo "1890"]
[PlyCount "134"]
[EventDate "1983.12.26"]
[EventType "swiss"]
[EventRounds "8"]
[EventCountry "CAN"]

1. e4 c5 2. Nf3 Nc6 3. d4 cxd4 4. Nxd4 g6 5. Nxc6 bxc6 6. Qd4 Nf6 7. e5 Ng8 8.
e6 Nf6 9. exf7+ Kxf7 10. Nc3 Bg7 11. Bd3 d5 12. Bf4 Nd7 13. Qe3 e5 14. Bg5 Bf6
15. Bxf6 Qxf6 16. Qh6 e4 17. Be2 Ne5 18. O-O Bf5 19. Rad1 Ke6 20. Qe3 Kf7 21.
b3 Kg7 22. Na4 Rhe8 23. Qc5 Rad8 24. Qxa7+ Re7 25. Qd4 Rf7 26. c4 Kg8 27. Nc3
Rfd7 28. cxd5 cxd5 29. f4 exf3 30. Bxf3 Nxf3+ 31. Rxf3 Qxd4+ 32. Rxd4 Be4 33.
Nxe4 dxe4 34. Rxd7 Rxd7 35. Re3 Rd2 36. Rxe4 Rxa2 37. b4 Kf7 38. h3 Rb2 39. Kh2
Rb3 40. g4 Kf6 41. h4 h5 42. g5+ Kf5 43. Rc4 Rb2+ 44. Kg3 Rb3+ 45. Kg2 Rb2+ 46.
Kf3 Rb3+ 47. Ke2 Ke5 48. Kd2 Kd5 49. Rc5+ Kd6 50. Rb5 Kc6 51. Rb8 Rh3 52. Rg8
Rxh4 53. Kc3 Rg4 54. Rxg6+ Kb5 55. Rg8 h4 56. g6 Kc6 57. b5+ Kb7 58. g7 h3 59.
Rh8 Rxg7 60. Rxh3 Kb6 61. Rh5 Rg3+ 62. Kc4 Rg4+ 63. Kc3 Rg3+ 64. Kd4 Rg4+ 65.
Ke3 Rb4 66. Kd3 Rxb5 67. Rh6+ Kc5 1/2-1/2